000 00934nam a2200301 i 4500
001 000015415
003 DO-SdBNP
005 20260313100116.0
007 spa
008 100208s2005 dr 000 0 spa d
020 _a9993490504
040 _aDO-SdBNP
_bspa
_cBNPHU
_erda
041 _aspa
049 _aBNPD
082 _axxx
_bZ35s
_222
100 1 _aZapete C., Marino,
_eautor
_4aut.
_934807
245 1 3 _aLa sociedad de los platos rotos /
_cMarino Zapete C. ; prólogo, Alejandro Arvelo.
250 _asegunda edición
264 1 _aSanto Domingo :
_bBúho,
_c2005.
300 _a213 páginas ;
_c23 cm.
336 _atexto
_btxt
_2rdacontent
337 _asin mediación
_bn
_2rdamedia
338 _avolumen
_bnc
_2rdacarrier
500 _aIncluye datos biográficos del autor en la solapa de la cubierta
590 _aInventariado, 2026/BT
700 1 _aArvelo, Alejandro,
_eprologuista
_4pr.
_9147
942 _2ddc
_cLBS1
999 _c14974
_d14974